Normal view MARC view

Entry Personal Name

Number of records used in: 1

001 - CONTROL NUMBER

  • control field: 662

003 - CONTROL NUMBER IDENTIFIER

  • control field: dpl

005 - DATE AND TIME OF LATEST TRANSACTION

  • control field: 20100722123346.0

008 - FIXED-LENGTH DATA ELEMENTS

  • fixed length control field: 100722|||a|||||| | ||| d

040 ## - CATALOGING SOURCE

  • Original cataloging agency: dpl
  • Transcribing agency: dpl

100 ## - HEADING--PERSONAL NAME

  • Personal name: Mujumdar, S B

670 ## - SOURCE DATA FOUND

  • Source citation: Work cat.: (dpl): Mujumdar, S B, Whiff of a scent /, 2009

670 ## - SOURCE DATA FOUND

  • Source citation: Work cat.: (dpl): Mujumdar, S B, Whiff of a scent /, 2009

© Delhi Public Library
Hit Counter
free hit counter